000 00506nam a2200181Ia 4500
005 20250508154524.0
008 008 250505s9999 xx 000 0 eng d
037 _aTextual
040 _aFEDL
_beng
_cFEDL
041 _aeng
_2eng
084 _a170, VIV
_qFEDL
245 0 _aSwami vivekananda on universal ethics and moral conduct
260 _aDelhi, India
_bManager of Publications
_c1965
300 _a71p
650 _aEthics
942 _cTEXL
_h170, VIV
999 _c1350749
_d1350749